Normal view
MARC view
- Science & Engineering - Indications
Entry Topical Term
001 - CONTROL NUMBER
- control field: 31490
003 - CONTROL NUMBER IDENTIFIER
- control field: NUST
005 - DATE AND TIME OF LATEST TRANSACTION
- control field: 20201014112054.0
008 - FIXED-LENGTH DATA ELEMENTS
- fixed length control field: 201014|| aca||aabn | a|a d
040 ## - CATALOGING SOURCE
- Original cataloging agency: NUST
- Transcribing agency: NUST
150 ## - HEADING--TOPICAL TERM
- Topical term or geographic name entry element: Science & Engineering - Indications
670 ## - SOURCE DATA FOUND
- Source citation: Work cat.: (NUST): Science and Engineering Indicators 2006 /, 2006.
